Sierra Gorda (Record no. 10450)

MARC details
000 -CABECERA
campo de control de longitud fija 00862nam a2200253 a 4500
001 - NÚMERO DE CONTROL
campo de control BRL_1641
005 - FECHA Y HORA DE LA ÚLTIMA TRANSACCIÓN
campo de control 20190320211313.0
008 - DATOS DE LONGITUD FIJA--INFORMACIÓN GENERAL
campo de control de longitud fija 070116s1976----mx-ob#####---#000-0#spa-#
041 ## - CÓDIGO DE LENGUA
Código de lengua del texto/banda sonora o título independiente spa
044 ## - CÓDIGO DEL PAÍS DE LA ENTIDAD EDITORA/PRODUCTORA
Código MARC del país mx
050 #4 - SIGNATURA TOPOGRÁFICA DE LA BIBLIOTECA DEL CONGRESO
Número de clasificación F1291
Número de documento/Ítem .G66 1976
100 1# - ENTRADA PRINCIPAL--NOMBRE DE PERSONA
Nombre de persona Gómez Canedo, Lino
Fechas asociadas al nombre 1908-1990
9 (RLIN) 27513
245 10 - MENCIÓN DE TÍTULO
Título Sierra Gorda
Resto del título un típico enclave misional en el centro de México (siglos XVII-XVIII)
Mención de responsabilidad, etc. Lino Gómez Canedo.
260 ## - PUBLICACIÓN, DISTRIBUCIÓN, ETC.
Lugar de publicación, distribución, etc. Pachuca, Hgo.
Nombre del editor, distribuidor, etc. Centro Hidalguense de Investigaciones Históricas
Fecha de publicación, distribución, etc. 1976
300 ## - DESCRIPCIÓN FÍSICA
Extensión 244 p.
Otras características físicas il., mapas ( blanco y negro)
Dimensiones 23 cm.
440 #0 - MENCIÓN DE SERIE/PUNTO DE ACCESO ADICIONAL--TÍTULO
Título Colección Ortega-Falkowska
Designación de volumen o secuencia 2
9 (RLIN) 27514
500 ## - NOTA GENERAL
Nota general Au1860
500 ## - NOTA GENERAL
Nota general Incluye índice analítico
504 ## - NOTA DE BIBLIOGRAFÍA, ETC.
Nota de bibliografía, etc. Bibliografía: p. 9-13
650 14 - PUNTO DE ACCESO ADICIONAL DE MATERIA--TÉRMINO DE MATERIA
Término de materia o nombre geográfico como elemento de entrada Misiones
Subdivisión general Historia
Subdivisión geográfica México
9 (RLIN) 865
650 14 - PUNTO DE ACCESO ADICIONAL DE MATERIA--TÉRMINO DE MATERIA
Término de materia o nombre geográfico como elemento de entrada Sierra Gorda (Hidalgo)
Subdivisión general Historia
9 (RLIN) 27515
902 ## - CATALOGADOR
Iniciales GRL
942 ## - ELEMENTOS DE PUNTO DE ACCESO ADICIONAL (KOHA)
Fuente del sistema de clasificación o colocación Library of Congress Classification
Tipo de ítem Koha Libros
Holdings
Estado de retiro Estado de pérdida Estado dañado No para préstamo Localización permanente Ubicación/localización actual Fecha de adquisición Número de inventario Total de préstamos Signatura topográfica completa Código de barras Fecha visto por última vez Precio válido a partir de Tipo de ítem Koha
El ejemplar forma parte de la colección y puede ser consultado según las políticas vigentes.       Biblioteca Centro de Estudios Ruth D. Lechuga Biblioteca Centro de Estudios Ruth D. Lechuga 15/04/2014 Au1860   F1291 .G66 1976 (Au1860) GRL01808 22/03/2019 22/03/2019 Libros